[Event "Cercle d'echecs de Hull ch"]
[Site "Gatineau CAN"]
[Date "2004.02.24"]
[Round "3"]
[White "Laurin, Jacques"]
[Black "Mai, Lloyd"]
[Result "0-1"]
[WhiteElo "1849"]
[BlackElo "1839"]
[PlyCount "140"]
[GameId "2160767911192046"]
[EventDate "2004.02.10"]
[EventType "swiss"]
[EventRounds "5"]
[EventCountry "CAN"]

1. c4 Nf6 2. Nf3 d6 3. g3 g6 4. Bg2 Bg7 5. d4 O-O 6. Nc3 c5 7. Qb3 Nc6 8. dxc5 dxc5 9. Bd2 a6 10. Nd5 Na5 11. Nxe7+ Kh8 12. Qa4 Qxe7 13. Qxa5 Re8 14. O-O Qxe2 15. Rfe1 Qxc4 16. Ne5 Qb5 17. Nxf7+ Kg8 18. Rxe8+ Nxe8 19. Qxb5 axb5 20. Bd5 Nc7 21. Nh6+ Kf8 22. Bf3 Bxb2 23. Re1 Rxa2 24. Bf4 Bd4 25. Bd6+ Kg7 26. Ng4 Ne6 27. Bd5 Ra1 28. Rxa1 Bxa1 29. Ne3 c4 30. Nc2 Bf6 31. Na3 Nd4 32. Bc5 c3 33. Bxd4 Bxd4 34. Bb3 b4 35. Nc2 Bc5 36. Kf1 Kf6 37. Ke2 Be6 38. Na1 Bxb3 39. Nxb3 b6 40. f3 Ke5 41. Kd3 Bg1 42. h3 Bf2 43. Kc4 Bxg3 44. Kxb4 Be1 45. Kc4 Kf4 46. Nd4 Bf2 47. Ne2+ Kxf3 48. Nxc3 Bc5 49. Kd5 Be3 50. Ne4 Kg2 51. Nf6 h6 52. Ke4 Bc1 53. Nd5 b5 54. h4 Kh3 55. Ne7 g5 56. hxg5 hxg5 57. Nf5 g4 58. Nd4 b4 59. Kd3 g3 60. Kc4 Ba3 61. Ne2 g2 62. Kb3 Kh2 63. Nd4 g1=Q 64. Nf3+ Kg2 65. Nxg1 Kxg1 66. Kc2 Kf2 67. Kb3 Ke2 68. Kc2 Ke1 69. Kb1 Kd2 70. Ka2 Kc2 0-1

[Event "Cercle d'echecs de Hull ch"]
[Site "Gatineau CAN"]
[Date "2004.03.02"]
[Round "4"]
[White "Groleau, Gilles"]
[Black "Mai, Lloyd"]
[Result "1/2-1/2"]
[WhiteElo "2189"]
[BlackElo "1839"]
[PlyCount "134"]
[GameId "2160767911192047"]
[EventDate "2004.02.10"]
[EventType "swiss"]
[EventRounds "5"]
[EventCountry "CAN"]

1. e4 c5 2. Nf3 Nc6 3. Bb5 Nf6 4. e5 Nd5 5. O-O g6 6. c3 Bg7 7. d4 cxd4 8. cxd4 O-O 9. Nc3 Nc7 10. Bc4 d5 11. Be2 Ne6 12. Be3 a6 13. Qb3 Nc7 14. Rac1 f6 15. Rfd1 Kh8 16. exf6 exf6 17. Bf4 Ne6 18. Bg3 Ne7 19. Na4 b5 20. Nc5 Nf5 21. Nxe6 Bxe6 22. Bc7 Qd7 23. Qa3 Rfc8 24. Bf4 g5 25. Be3 Nxe3 26. Qxe3 Rxc1 27. Rxc1 Rc8 28. Bd3 Rxc1+ 29. Qxc1 Qc8 30. Qc5 Bf8 31. Qxc8 Bxc8 32. Kf1 Kg7 33. Ke1 h6 34. Kd2 Kf7 35. Kc2 Bd7 36. Nd2 Bd6 37. g3 Bc7 38. Nb3 Bb6 39. Nc5 Bc8 40. b4 f5 41. a3 Ke7 42. Kd2 Kd6 43. Ke3 Bxc5 44. dxc5+ Ke5 45. f4+ Ke6 46. Kd4 Bd7 47. h4 g4 48. Bxf5+ Kxf5 49. Kxd5 Bc8 50. Kd6 Ke4 51. Kc7 Bf5 52. Kd6 Bc8 53. c6 Kf3 54. Ke5 Kxg3 55. f5 Kxh4 56. f6 g3 57. f7 g2 58. f8=Q g1=Q 59. Qxh6+ Kg3 60. Qf4+ Kh3 61. Qf3+ Qg3+ 62. Qxg3+ Kxg3 63. Kd6 Kf4 64. Kc7 Bf5 65. Kb7 Ke5 66. Kxa6 Kd6 67. Kxb5 Be4 1/2-1/2

[Event "Charlesbourg Alekhine op"]
[Site "Charlesbourg CAN"]
[Date "2004.09.06"]
[Round "1"]
[White "Champetier, Serge"]
[Black "Leclerc, Jean-Francois"]
[Result "1-0"]
[WhiteElo "1973"]
[BlackElo "1481"]
[PlyCount "83"]
[GameId "2160767911069390"]
[EventDate "2004.09.06"]
[EventType "swiss"]
[EventRounds "5"]
[EventCountry "CAN"]
[SourceTitle "EXT 2006"]
[Source "ChessBase"]
[SourceDate "2005.11.24"]
[SourceVersion "1"]
[SourceVersionDate "2005.11.24"]
[SourceQuality "1"]

1. e4 c5 2. Nc3 Nc6 3. f4 d6 4. Nf3 e6 5. Bc4 a6 6. a4 Qc7 7. d3 Nf6 8. O-O Be7 9. Qe1 Nd7 10. e5 d5 11. Nxd5 exd5 12. Bxd5 Nb4 13. Bb3 Nf8 14. Qg3 Rg8 15. f5 Qb6 16. a5 Qa7 17. Kh1 Bxf5 18. Bxf7+ Kxf7 19. Ng5+ Ke8 20. Rxf5 Nxc2 21. Ra4 Nd4 22. Rf1 Nfe6 23. Qh3 Nxg5 24. Bxg5 Rf8 25. Raa1 Bxg5 26. Qh5+ g6 27. Qxg5 Kd7 28. e6+ Nxe6 29. Qd5+ Ke7 30. Rae1 Rxf1+ 31. Rxf1 Qb8 32. Re1 Qf8 33. Rxe6+ Kf7 34. Rb6+ Ke8 35. Qe5+ Kd8 36. Rd6+ Kc8 37. Qxc5+ Kb8 38. Kg1 Qe7 39. Kf1 Qc7 40. Qe5 Qc1+ 41. Kf2 Ka7 42. Qd4+ 1-0

[Event "Charlesbourg Alekhine op"]
[Site "Charlesbourg CAN"]
[Date "2004.09.06"]
[Round "1"]
[White "Koenig, Pierre"]
[Black "Tremblay, Rejean"]
[Result "0-1"]
[WhiteElo "1578"]
[BlackElo "2268"]
[PlyCount "76"]
[GameId "2160767911069391"]
[EventDate "2004.09.06"]
[EventType "swiss"]
[EventRounds "5"]
[EventCountry "CAN"]
[SourceTitle "EXT 2006"]
[Source "ChessBase"]
[SourceDate "2005.11.24"]
[SourceVersion "1"]
[SourceVersionDate "2005.11.24"]
[SourceQuality "1"]

1. d4 Nf6 2. c4 g6 3. Nc3 Bg7 4. e4 d6 5. f3 O-O 6. Be3 Nbd7 7. Nge2 c5 8. d5 a6 9. Ng3 Ne5 10. Qd2 Bd7 11. Bh6 Bxh6 12. Qxh6 b5 13. b3 bxc4 14. bxc4 Qa5 15. Qd2 Qb4 16. a3 Qb3 17. Qc1 Rfb8 18. Rb1 Qxc3+ 19. Qxc3 Rxb1+ 20. Kf2 a5 21. Bd3 Nxd3+ 22. Qxd3 Rb2+ 23. Ne2 a4 24. Rb1 Rab8 25. Rxb2 Rxb2 26. Qc3 Rb3 27. Qc1 Be8 28. Nc3 Nd7 29. Nxa4 Ne5 30. Nb2 Rxb2+ 31. Kg3 Rb3 32. Qg5 f6 33. Qc1 g5 34. h4 g4 35. Qf4 gxf3 36. Qf5 Bd7 37. Qh5 Rxa3 38. Qh6 f2+ 0-1

[Event "Charlesbourg Alekhine op"]
[Site "Charlesbourg CAN"]
[Date "2004.09.06"]
[Round "1"]
[White "Lessard, Claude"]
[Black "Chouinard, Marc"]
[Result "1-0"]
[WhiteElo "2101"]
[BlackElo "1567"]
[PlyCount "61"]
[GameId "2160767911069392"]
[EventDate "2004.09.06"]
[EventType "swiss"]
[EventRounds "5"]
[EventCountry "CAN"]
[SourceTitle "EXT 2006"]
[Source "ChessBase"]
[SourceDate "2005.11.24"]
[SourceVersion "1"]
[SourceVersionDate "2005.11.24"]
[SourceQuality "1"]

1. e4 d5 2. exd5 Qxd5 3. Nc3 Qa5 4. Nf3 Nf6 5. h3 Bf5 6. Bc4 e6 7. O-O Bb4 8. a3 O-O 9. Nd4 Be7 10. Nxf5 Qxf5 11. d3 Nc6 12. Be3 Rad8 13. b4 e5 14. Qe2 a6 15. f4 e4 16. g4 exd3 17. Bxd3 Qd7 18. Rad1 Qc8 19. g5 Qxh3 20. gxf6 Qg3+ 21. Kh1 Bxf6 22. Ne4 Qh3+ 23. Qh2 Qxh2+ 24. Kxh2 Be7 25. Nc5 b6 26. Nxa6 Bd6 27. Kg2 f5 28. c4 Rde8 29. Kf3 Rf6 30. c5 bxc5 31. bxc5 1-0

[Event "Charlesbourg Alekhine op"]
[Site "Charlesbourg CAN"]
[Date "2004.09.06"]
[Round "1"]
[White "Zroud, Hicham"]
[Black "Beaudoin, Stephane"]
[Result "0-1"]
[WhiteElo "1521"]
[BlackElo "2036"]
[PlyCount "82"]
[GameId "2160767911069393"]
[EventDate "2004.09.06"]
[EventType "swiss"]
[EventRounds "5"]
[EventCountry "CAN"]
[SourceTitle "EXT 2006"]
[Source "ChessBase"]
[SourceDate "2005.11.24"]
[SourceVersion "1"]
[SourceVersionDate "2005.11.24"]
[SourceQuality "1"]

1. d4 Nf6 2. c4 e6 3. Nc3 c5 4. d5 exd5 5. cxd5 d6 6. Nf3 g6 7. e3 Bg7 8. Bb5+ Nbd7 9. O-O O-O 10. Nd2 a6 11. Be2 b5 12. Nce4 Nb6 13. Nxf6+ Qxf6 14. e4 Qe7 15. Bd3 Na4 16. Rb1 c4 17. Bxc4 f5 18. Bd3 Nc5 19. Bc2 fxe4 20. Qe2 Bb7 21. b4 Nd7 22. Qxe4 Qxe4 23. Nxe4 Bxd5 24. Bb3 Bxb3 25. Rxb3 d5 26. Ng5 Rfe8 27. Rd3 d4 28. Nf3 Ne5 29. Nxe5 Bxe5 30. Bb2 Rac8 31. Bxd4 Rcd8 32. Bxe5 Rxd3 33. Bc7 Re2 34. g3 Rb2 35. a3 Rbd2 36. Ra1 Rd1+ 37. Rxd1 Rxd1+ 38. Kg2 Ra1 39. Kf3 Rxa3+ 40. Ke4 Rc3 41. Bb6 Rc4+ 0-1

[Event "Charlesbourg Alekhine op"]
[Site "Charlesbourg CAN"]
[Date "2004.09.13"]
[Round "2"]
[White "Beaudoin, Stephane"]
[Black "Bluteau, Yvon"]
[Result "1-0"]
[WhiteElo "2036"]
[BlackElo "1679"]
[PlyCount "51"]
[GameId "2160767911069394"]
[EventDate "2004.09.06"]
[EventType "swiss"]
[EventRounds "5"]
[EventCountry "CAN"]

1. e4 c5 2. Nf3 Nf6 3. e5 Nd5 4. c3 Nc6 5. Bc4 e6 6. O-O Nb6 7. Bb3 d5 8. d4 Bd7 9. Bc2 Be7 10. dxc5 Bxc5 11. Nbd2 Qc7 12. Re1 h6 13. a4 a5 14. Nb3 Be7 15. Nbd4 Nxd4 16. Nxd4 g5 17. Qe2 O-O-O 18. Nb5 Qc4 19. Bd3 Qh4 20. Be3 Nc4 21. g3 Qh3 22. Bxc4 dxc4 23. Qxc4+ Bc6 24. Na7+ Kc7 25. Nxc6 bxc6 26. Qa6 1-0

[Event "Charlesbourg Alekhine op"]
[Site "Charlesbourg CAN"]
[Date "2004.09.13"]
[Round "2"]
[White "Bourassa, Samuel"]
[Black "Champetier, Serge"]
[Result "0-1"]
[WhiteElo "1571"]
[BlackElo "1973"]
[PlyCount "60"]
[GameId "2160767911069395"]
[EventDate "2004.09.06"]
[EventType "swiss"]
[EventRounds "5"]
[EventCountry "CAN"]

1. e4 d6 2. d4 Nf6 3. Nc3 g6 4. f4 Bg7 5. Nf3 O-O 6. Be3 b6 7. Qd2 Bb7 8. Bd3 c5 9. d5 Nbd7 10. h3 a6 11. a4 Qc7 12. Bc4 b5 13. axb5 axb5 14. Rxa8 Rxa8 15. Nxb5 Qb6 16. O-O Nxe4 17. Qd3 Ng3 18. Rb1 Nf5 19. Bd2 Nf6 20. Bc3 Nxd5 21. Bxg7 Nb4 22. Qd2 Kxg7 23. Kh2 d5 24. Be2 e6 25. c3 Nc6 26. g4 Nfe7 27. Ne5 Rd8 28. b4 cxb4 29. Nxc6 Qf2+ 30. Kh1 d4 0-1

[Event "Charlesbourg Alekhine op"]
[Site "Charlesbourg CAN"]
[Date "2004.09.13"]
[Round "2"]
[White "Lapierre, Gaetan"]
[Black "Lessard, Claude"]
[Result "1-0"]
[WhiteElo "1763"]
[BlackElo "2101"]
[PlyCount "113"]
[GameId "2160767911069396"]
[EventDate "2004.09.06"]
[EventType "swiss"]
[EventRounds "5"]
[EventCountry "CAN"]

1. d4 c5 2. d5 Nf6 3. c4 g6 4. Nc3 Bg7 5. e4 d6 6. Nf3 O-O 7. Be2 b5 8. cxb5 a6 9. bxa6 Bxa6 10. Bxa6 Rxa6 11. O-O Nbd7 12. Qe2 Qa8 13. h3 Rb8 14. Rd1 Nb6 15. Nd2 Nfd7 16. Ndb1 Na4 17. Nxa4 Rxa4 18. Nc3 Rab4 19. f4 Nb6 20. e5 Rd4 21. exd6 Rxd1+ 22. Qxd1 exd6 23. Ne4 Bd4+ 24. Kh2 Qxd5 25. Nc3 Bxc3 26. Qxd5 Nxd5 27. bxc3 Nxc3 28. a4 Ra8 29. a5 Ra6 30. Bb2 Ne4 31. g4 c4 32. Bd4 f5 33. gxf5 gxf5 34. Rc1 d5 35. Bb6 Kf7 36. Kg2 Ke6 37. Kf3 Kd6 38. Rg1 Kc6 39. Rg7 h5 40. Ke3 Ra8 41. Kd4 Re8 42. Rg6+ Nd6 43. Kc3 Re4 44. Bd4 Kd7 45. Be5 Re3+ 46. Kd4 Rd3+ 47. Kc5 Ne4+ 48. Kb6 Rb3+ 49. Ka7 Rxh3 50. a6 Rb3 51. Rb6 Nc5 52. Rd6+ Ke7 53. Rxd5 Nd7 54. Bc7 c3 55. Rd6 Rb5 56. Rc6 Rc5 57. Bd6+ 1-0

[Event "Charlesbourg Alekhine op"]
[Site "Charlesbourg CAN"]
[Date "2004.09.13"]
[Round "2"]
[White "Tremblay, Rejean"]
[Black "Cote, Jocelyn"]
[Result "1-0"]
[WhiteElo "2268"]
[BlackElo "1723"]
[PlyCount "59"]
[GameId "2160767911069397"]
[EventDate "2004.09.06"]
[EventType "swiss"]
[EventRounds "5"]
[EventCountry "CAN"]

1. d4 g6 2. c4 Bg7 3. Nf3 d6 4. Nc3 Nc6 5. d5 Ne5 6. Nxe5 Bxe5 7. f4 Bg7 8. e4 f5 9. Bd3 e5 10. exf5 e4 11. Nxe4 Qe7 12. O-O Bxf5 13. Ng5 O-O-O 14. Bxf5+ gxf5 15. Re1 Qf6 16. Ne6 Rd7 17. Be3 Qg6 18. Bxa7 Nf6 19. Qa4 Re7 20. Bd4 Ne4 21. Bxg7 Rxg7 22. Nxg7 Qxg7 23. Re2 Qd4+ 24. Kh1 Kb8 25. Qc2 Rg8 26. Rd1 Qb6 27. Rf1 Rg6 28. Rf3 Qd4 29. Rd3 Qg7 30. Rde3 1-0

[Event "Charlesbourg Alekhine op"]
[Site "Charlesbourg CAN"]
[Date "2004.09.20"]
[Round "3"]
[White "Bonneau, Daniel"]
[Black "Tremblay, Rejean"]
[Result "1/2-1/2"]
[WhiteElo "1962"]
[BlackElo "2268"]
[PlyCount "66"]
[GameId "2160767911069398"]
[EventDate "2004.09.06"]
[EventType "swiss"]
[EventRounds "5"]
[EventCountry "CAN"]

1. d4 Nf6 2. c4 g6 3. Nc3 Bg7 4. e4 d6 5. Nf3 O-O 6. Be2 e5 7. Be3 exd4 8. Nxd4 Re8 9. f3 c6 10. Qd2 d5 11. exd5 cxd5 12. O-O dxc4 13. Bxc4 Rxe3 14. Qxe3 Ng4 15. Bxf7+ Kh8 16. Ne6 Nxe3 17. Nxd8 Nxf1 18. Kxf1 Nc6 19. Nxc6 bxc6 20. Bc4 Rb8 21. Re1 Bf5 22. Nd1 Bf8 23. b3 Bd6 24. g4 Bd7 25. Re2 Bb4 26. Nf2 Rf8 27. Kg2 a5 28. Re5 Kg7 29. g5 Bf5 30. Nd3 Bxd3 31. Bxd3 Rd8 32. Bc4 Rd2+ 33. Re2 Rxe2+ 1/2-1/2

[Event "Charlesbourg Alekhine op"]
[Site "Charlesbourg CAN"]
[Date "2004.09.20"]
[Round "3"]
[White "Champetier, Serge"]
[Black "Caron, Sebastien"]
[Result "1-0"]
[WhiteElo "1973"]
[BlackElo "1833"]
[PlyCount "61"]
[GameId "2160767911069399"]
[EventDate "2004.09.06"]
[EventType "swiss"]
[EventRounds "5"]
[EventCountry "CAN"]

1. e4 c5 2. Nc3 Nc6 3. f4 d6 4. Nf3 Bg4 5. Bc4 e6 6. O-O Nd4 7. f5 Bxf3 8. Rxf3 Nxf3+ 9. Qxf3 Qf6 10. e5 Qe7 11. Bb5+ Kd8 12. exd6 Qxd6 13. Qxb7 Rb8 14. Qxf7 exf5 15. d4 Nf6 16. Bg5 cxd4 17. Re1 Be7 18. Bf4 Qc5 19. Na4 Rf8 20. Nxc5 Rxf7 21. Ne6+ Kc8 22. Ba6+ Rb7 23. Ng5 Bc5 24. Nxf7 Ne4 25. Kf1 Bb4 26. c3 dxc3 27. bxc3 Be7 28. Ng5 Bxg5 29. Bxg5 Nxg5 30. Re7 Ne6 31. Bxb7+ 1-0

[Event "Charlesbourg Alekhine op"]
[Site "Charlesbourg CAN"]
[Date "2004.09.20"]
[Round "3"]
[White "Lessard, Claude"]
[Black "Boissinot, Claude"]
[Result "1-0"]
[WhiteElo "2101"]
[BlackElo "1582"]
[PlyCount "61"]
[GameId "2160767911069400"]
[EventDate "2004.09.06"]
[EventType "swiss"]
[EventRounds "5"]
[EventCountry "CAN"]

1. d4 Nf6 2. c4 e6 3. Nf3 b6 4. Bg5 Be7 5. Nc3 d5 6. e3 Bb7 7. Bxf6 Bxf6 8. cxd5 exd5 9. Bd3 O-O 10. O-O Re8 11. Re1 a6 12. Qb3 Qd7 13. Rac1 Rd8 14. e4 dxe4 15. Bxe4 Bxe4 16. Nxe4 Be7 17. Ne5 Qe8 18. Rxc7 Rxd4 19. Qxb6 Rb4 20. Qa5 Rb5 21. Qc3 Rd5 22. Nxf7 Qxf7 23. Ng5 Rxg5 24. Rcxe7 Rxg2+ 25. Kxg2 Qd5+ 26. f3 Qg5+ 27. Kh1 h5 28. R7e4 a5 29. Re8+ Kh7 30. Qd3+ g6 31. R1e7+ 1-0

[Event "Charlesbourg Alekhine op"]
[Site "Charlesbourg CAN"]
[Date "2004.09.20"]
[Round "4"]
[White "Laflamme, Simon"]
[Black "Beaudoin, Stephane"]
[Result "0-1"]
[WhiteElo "1949"]
[BlackElo "2036"]
[PlyCount "42"]
[GameId "2160767911069401"]
[EventDate "2004.09.06"]
[EventType "swiss"]
[EventRounds "5"]
[EventCountry "CAN"]

1. e4 g6 2. d4 Bg7 3. Nc3 d6 4. Be3 c6 5. f4 b5 6. Be2 b4 7. Na4 Nf6 8. Bf3 Nbd7 9. e5 Nd5 10. Bxd5 cxd5 11. exd6 exd6 12. Qf3 Nf6 13. h3 Bd7 14. b3 O-O 15. Nb2 Rc8 16. Nd3 Rxc2 17. Nxb4 Qa5 18. a3 Rc3 19. Ne2 Rxb3 20. O-O Re8 21. Kf2 Bf5 0-1

[Event "Charlesbourg Alekhine op"]
[Site "Charlesbourg CAN"]
[Date "2004.09.27"]
[Round "4"]
[White "Beaudoin, Stephane"]
[Black "Champetier, Serge"]
[Result "1-0"]
[WhiteElo "2036"]
[BlackElo "1973"]
[PlyCount "65"]
[GameId "2160767911069402"]
[EventDate "2004.09.06"]
[EventType "swiss"]
[EventRounds "5"]
[EventCountry "CAN"]

1. e4 d6 2. d4 Nf6 3. Nc3 g6 4. Bg5 c6 5. f4 b5 6. a3 a6 7. Be2 Qb6 8. e5 dxe5 9. fxe5 Nd5 10. Nxd5 cxd5 11. Bf3 Ra7 12. c3 Bg7 13. Qd2 O-O 14. Ne2 a5 15. Be3 e6 16. b4 Nd7 17. Nf4 Qc7 18. O-O Nb6 19. Be2 Nc4 20. Bxc4 dxc4 21. d5 Ra6 22. d6 Qd7 23. Bd4 Bb7 24. Nh3 Qc6 25. Ra2 axb4 26. axb4 Rxa2 27. Qxa2 Qe4 28. Ng5 Qg4 29. Nf3 Ra8 30. Qxa8+ Bxa8 31. d7 Bxf3 32. d8=Q+ Bf8 33. Rxf3 1-0

[Event "Charlesbourg Alekhine op"]
[Site "Charlesbourg CAN"]
[Date "2004.09.27"]
[Round "4"]
[White "Lessard, Claude"]
[Black "Lapointe, Daniel"]
[Result "1-0"]
[WhiteElo "2101"]
[BlackElo "1490"]
[PlyCount "55"]
[GameId "2160767911069403"]
[EventDate "2004.09.06"]
[EventType "swiss"]
[EventRounds "5"]
[EventCountry "CAN"]

1. d4 d5 2. Nf3 Nf6 3. Bf4 e6 4. e3 Be7 5. h3 Nbd7 6. Nbd2 c5 7. c3 O-O 8. Bd3 c4 9. Bc2 Nb6 10. O-O Bd7 11. e4 Be8 12. Qe2 Nh5 13. Bh2 g6 14. Rae1 Bg5 15. Nxg5 Qxg5 16. Bd1 Bd7 17. Nf3 Nf4 18. Nxg5 Nxe2+ 19. Rxe2 Rfe8 20. exd5 exd5 21. Rfe1 Rxe2 22. Rxe2 h6 23. Nf3 Na4 24. Bxa4 Bxa4 25. Re7 b6 26. Ne5 Be8 27. Nd7 Rc8 28. Rxe8+ 1-0

[Event "Charlesbourg Alekhine op"]
[Site "Charlesbourg CAN"]
[Date "2004.09.27"]
[Round "4"]
[White "Tremblay, Rejean"]
[Black "Fecteau, Martin"]
[Result "1-0"]
[WhiteElo "2268"]
[BlackElo "1973"]
[PlyCount "101"]
[GameId "2160767911069404"]
[EventDate "2004.09.06"]
[EventType "swiss"]
[EventRounds "5"]
[EventCountry "CAN"]

1. d4 d5 2. c4 c6 3. Nf3 Nf6 4. Nc3 e6 5. Bg5 Nbd7 6. cxd5 exd5 7. e3 Be7 8. Qc2 O-O 9. Bd3 h6 10. Bh4 Re8 11. Bg3 Nf8 12. h3 Bd6 13. Ne5 Bxe5 14. Bxe5 Ne6 15. O-O-O Nc5 16. Bf1 Nce4 17. g4 Nxc3 18. Qxc3 Ne4 19. Qc2 Qh4 20. Rh2 Qe7 21. Rg2 c5 22. f3 Ng5 23. f4 Nf3 24. Qxc5 Qxc5+ 25. dxc5 Nxe5 26. fxe5 Rxe5 27. Rgd2 Be6 28. Rd3 Rc8 29. Rc3 h5 30. Rd4 hxg4 31. hxg4 g6 32. Ra4 a6 33. Rb4 Rc7 34. Rd4 Kg7 35. b4 Kf6 36. Bg2 Kg5 37. Bf3 f6 38. Kd2 Rh7 39. c6 bxc6 40. Rxc6 Rh2+ 41. Be2 Bd7 42. Rc2 Bb5 43. Kd1 Ba4 44. Bd3 Bxc2+ 45. Bxc2 Rxe3 46. Rxd5+ Kxg4 47. Bxg6 Rxa2 48. Bc2 Rf3 49. Rc5 Rf2 50. Kc1 Rf1+ 51. Bd1+ 1-0

[Event "Charlesbourg Alekhine op"]
[Site "Charlesbourg CAN"]
[Date "2004.09.27"]
[Round "4"]
[White "Valley, Michel"]
[Black "Bonneau, Daniel"]
[Result "0-1"]
[WhiteElo "1834"]
[BlackElo "1962"]
[PlyCount "80"]
[GameId "2160767911069405"]
[EventDate "2004.09.06"]
[EventType "swiss"]
[EventRounds "5"]
[EventCountry "CAN"]

1. c4 Nf6 2. Nc3 e5 3. Nf3 d6 4. g3 g6 5. Bg2 Bg7 6. O-O O-O 7. d4 Nc6 8. d5 Ne7 9. e4 Nd7 10. Ne1 f5 11. Nd3 Nf6 12. f3 b6 13. b4 a5 14. Bg5 axb4 15. Nxb4 h6 16. Bxf6 Bxf6 17. Qb3 Kg7 18. a4 Ra5 19. Qc2 g5 20. Ne2 f4 21. g4 Bd7 22. Ra2 h5 23. h3 hxg4 24. hxg4 Rh8 25. Rfa1 Rh7 26. Nc1 Qh8 27. Nb3 Ra8 28. a5 bxa5 29. Nxa5 Rh2 30. Qc3 Qh4 31. Qe1 Qh7 32. Rf2 Rh8 33. Kf1 Ng6 34. Ke2 Nh4 35. Qg1 Nxg2 36. Rxg2 Bxg4 37. Kd3 Bxf3 38. Rxg5+ Bxg5 39. Qxg5+ Kf7 40. Nac6 Bxe4+ 0-1

[Event "Charlesbourg Alekhine op"]
[Site "Charlesbourg CAN"]
[Date "2004.10.04"]
[Round "5"]
[White "Bonneau, Daniel"]
[Black "Lessard, Claude"]
[Result "1/2-1/2"]
[WhiteElo "1962"]
[BlackElo "2101"]
[PlyCount "111"]
[GameId "2160767911069406"]
[EventDate "2004.09.06"]
[EventType "swiss"]
[EventRounds "5"]
[EventCountry "CAN"]

1. Nf3 Nf6 2. d4 c5 3. d5 g6 4. c4 d6 5. Nc3 Bg7 6. e4 b5 7. cxb5 a6 8. bxa6 O-O 9. Be2 Bxa6 10. Bxa6 Rxa6 11. Qe2 Qb6 12. O-O Nbd7 13. h3 Qb7 14. Be3 Rfa8 15. Rab1 Nb6 16. Nd2 Nfd7 17. Nc4 Nxc4 18. Qxc4 Rb6 19. b3 Rb4 20. Qd3 c4 21. Qc2 cxb3 22. Rxb3 Rxb3 23. axb3 Rc8 24. Bd2 Nc5 25. Rb1 Na6 26. Qd3 Nc5 27. Qc4 Bxc3 28. Bxc3 Nxe4 29. Qxe4 Rxc3 30. Re1 Rxb3 31. Qxe7 Qxe7 32. Rxe7 Rd3 33. Kf1 Rxd5 34. Rd7 Kg7 35. Ke2 Kf6 36. Ke3 Ke6 37. Ra7 h5 38. h4 Rb5 39. g3 f6 40. Rg7 Kf5 41. Rd7 Re5+ 42. Kd3 Re6 43. f3 g5 44. hxg5 fxg5 45. Rh7 Kg6 46. Rh8 Re1 47. Rd8 Kf7 48. Kd2 Re6 49. Rh8 Kg6 50. Rg8+ Kf6 51. Rh8 g4 52. Rxh5 gxf3 53. Rh6+ Kf5 54. Rxe6 Kxe6 55. Ke3 f2 56. Kxf2 1/2-1/2

[Event "Charlesbourg Alekhine op"]
[Site "Charlesbourg CAN"]
[Date "2004.10.04"]
[Round "5"]
[White "Champetier, Serge"]
[Black "Bluteau, Yvon"]
[Result "1-0"]
[WhiteElo "1973"]
[BlackElo "1679"]
[PlyCount "105"]
[GameId "2160767911069407"]
[EventDate "2004.09.06"]
[EventType "swiss"]
[EventRounds "5"]
[EventCountry "CAN"]

1. d4 Nf6 2. c4 e6 3. Nf3 b6 4. g3 Bb7 5. Bg2 d5 6. Ne5 Nbd7 7. Qa4 Be7 8. Nc6 Bxc6 9. Qxc6 O-O 10. O-O dxc4 11. Qxa8 Qxa8 12. Bxa8 Rxa8 13. Nd2 b5 14. a4 c6 15. axb5 cxb5 16. e4 a5 17. f4 Nb6 18. Kg2 b4 19. Re1 Ne8 20. Nf3 Nc7 21. Be3 c3 22. bxc3 bxc3 23. Reb1 Nc4 24. Kf2 Bb4 25. Ne5 Na3 26. Rb3 Nc2 27. Ra2 a4 28. Rb1 Nxe3 29. Kxe3 Bf8 30. Kd3 f5 31. exf5 exf5 32. Kxc3 Nd5+ 33. Kc4 Ne3+ 34. Kd3 Nd5 35. Nc6 a3 36. Rb5 Nc7 37. Rb8 Rxb8 38. Nxb8 Nd5 39. Kc4 Ne3+ 40. Kb3 h5 41. Nd7 Be7 42. Re2 Nd5 43. Re5 a2 44. Kxa2 Nb4+ 45. Kb3 Nc6 46. Rd5 h4 47. Kc4 hxg3 48. hxg3 Nb4 49. Rxf5 Nc2 50. Re5 Bd6 51. Re6 Bc7 52. d5 Kf7 53. Ne5+ 1-0

[Event "Charlesbourg Alekhine op"]
[Site "Charlesbourg CAN"]
[Date "2004.10.04"]
[Round "5"]
[White "Fecteau, Martin"]
[Black "Girard, Bruno"]
[Result "0-1"]
[WhiteElo "1973"]
[BlackElo "1618"]
[PlyCount "46"]
[GameId "2160767911069408"]
[EventDate "2004.09.06"]
[EventType "swiss"]
[EventRounds "5"]
[EventCountry "CAN"]

1. e4 e6 2. d4 d5 3. Nc3 Nf6 4. e5 Nfd7 5. Nf3 c5 6. dxc5 Bxc5 7. Bd3 Nc6 8. Bf4 a6 9. O-O Qc7 10. Qd2 Ndxe5 11. Nxe5 Nxe5 12. Rfe1 Bd6 13. Nxd5 exd5 14. Bxe5 Bxe5 15. Rxe5+ Qxe5 16. Re1 Qxe1+ 17. Qxe1+ Be6 18. Bf5 Kd7 19. Qd2 Rhd8 20. Qxd5+ Ke8 21. Qf3 Bxf5 22. g4 Be6 23. Qxb7 Rd1+ 0-1

[Event "Charlesbourg Alekhine op"]
[Site "Charlesbourg CAN"]
[Date "2004.10.04"]
[Round "5"]
[White "Tremblay, Rejean"]
[Black "Beaudoin, Stephane"]
[Result "1/2-1/2"]
[WhiteElo "2268"]
[BlackElo "2036"]
[PlyCount "38"]
[GameId "2160767911069409"]
[EventDate "2004.09.06"]
[EventType "swiss"]
[EventRounds "5"]
[EventCountry "CAN"]

1. d4 Nf6 2. Nf3 e6 3. c4 c5 4. dxc5 Bxc5 5. Nc3 O-O 6. Bg5 Qb6 7. e3 Qxb2 8. Bxf6 gxf6 9. Rc1 Bb4 10. Qd2 Qxd2+ 11. Nxd2 b6 12. Bd3 Bb7 13. Ke2 Na6 14. Nde4 f5 15. Nf6+ Kg7 16. Nxd7 Rfd8 17. Ne5 Kf6 18. Nf3 Nc5 19. Bb1 Bxc3 1/2-1/2

[Event "Charlesbourg Keres mem."]
[Site "Charlesbourg CAN"]
[Date "2004.03.22"]
[Round "1"]
[White "Beaudoin, Stephane"]
[Black "Lessard, Claude"]
[Result "1-0"]
[WhiteElo "2072"]
[BlackElo "2007"]
[PlyCount "113"]
[GameId "2160767911175332"]
[EventDate "2004.03.22"]
[EventType "swiss"]
[EventRounds "5"]
[EventCountry "CAN"]
[SourceTitle "EXT 2005"]
[Source "ChessBase"]
[SourceDate "2004.11.15"]
[SourceVersion "1"]
[SourceVersionDate "2004.11.15"]
[SourceQuality "1"]

1. e4 Nc6 2. Nf3 e5 3. Bc4 Be7 4. O-O Nf6 5. d3 O-O 6. Re1 d6 7. c3 Na5 8. Bb5 a6 9. Ba4 b5 10. Bc2 c5 11. Nbd2 Nc6 12. Nf1 Nd7 13. Ne3 Nb6 14. Nd5 Nxd5 15. exd5 Nb8 16. b4 cxb4 17. cxb4 f5 18. Bb3 Nd7 19. Qe2 Nb6 20. Nxe5 Bf6 21. Nc6 Qc7 22. Bb2 Bxb2 23. Qxb2 Qf7 24. Qd4 Nd7 25. Rac1 Nf6 26. Re7 Qh5 27. Qf4 Qg4 28. Qxg4 fxg4 29. Nd4 Re8 30. Rxe8+ Nxe8 31. Ne6 Bd7 32. Kf1 Kf7 33. Ke2 Kf6 34. Ke3 g5 35. Nd4 Ra7 36. Rf1 Ng7 37. f3 gxf3 38. Rxf3+ Kg6 39. Rf8 h5 40. Rb8 Kf7 41. Rb6 Ne8 42. Nc6 Ra8 43. a4 bxa4 44. Bxa4 Nf6 45. Kd4 h4 46. Rb7 Kg6 47. Ne7+ Kf7 48. Nf5 Kg6 49. Bxd7 Nxd7 50. Nxd6 Nf6 51. Ne4 Ng4 52. Rb6+ Kg7 53. h3 Nh6 54. Nxg5 Nf5+ 55. Ke5 Ne3 56. Ne6+ Kg8 57. d6 1-0